Ace Attorney Games Quiz - Statistics

General Stats
  • This quiz has been taken 474 times
    296 since last reset
  • The average score is 9 of 11
Answer Stats
Answer % Correct
4 Apollo Justice: Ace Attorney
96%
1 Phoenix Wright: Ace Attorney
96%
2 Ace Attorney: Justice For All
94%
3 Ace Attorney: Trials and Tribulations
93%
8 Ace Attorney: Dual Destinies
87%
10 Ace Attorney: Spirit of Justice
83%
5 Ace Attorney Investigations: Miles Edgeworth
79%
9 The Great Ace Attorney: Adventures
70%
6 Ace Attorney Investigations 2: Miles Edgeworth
66%
7 Professor Layton vs Phoenix Wright: Ace Attorney
60%
11 The Great Ace Attorney 2: Resolve
51%
No matching quizzes found
Score Distribution
Percent of People with Each Score
Percentile by Number Answered
Your Score History
You have not taken this quiz since the last reset